[Event "Madrid ch 2009 - Semifinal B"]
[Site "Madrid ESP"]
[Date "2009.01.15"]
[Round "1.1"]
[White "Nieto De La Cruz, Julio"]
[Black "Adan Bermudez, Sergio"]
[Result "0-1"]
[WhiteElo "2059"]
[BlackElo "2295"]
[PlyCount "54"]
[EventDate "2009.01.15"]
[EventType "swiss"]
[EventRounds "9"]
[EventCountry "ESP"]
[Source "lmi"]
[SourceDate "2009.01.15"]

1. d4 Nf6 2. c4 e6 3. g3 d5 4. Bg2 dxc4 5. Nf3 a6 6. O-O Nc6 7. Nc3 Bb4 8. Bg5
O-O 9. Qd2 h6 10. Bf4 Nd5 11. Bxh6 gxh6 12. Qxh6 Qf6 13. Qh5 Nxc3 14. bxc3 Bxc3
15. Rac1 Nxd4 16. Nxd4 Qxd4 17. Rfd1 Qg7 18. Qf3 Be5 19. Rxc4 f5 20. Qd3 Rb8
21. f4 b5 22. Rc2 Bf6 23. Rdc1 c5 24. Qd6 Bd4+ 25. Kh1 Qa7 26. Rxc5 Bxc5 27.
Rxc5 Qd7 0-1

[Event "Madrid ch 2009 - Semifinal B"]
[Site "Madrid ESP"]
[Date "2009.01.15"]
[Round "1.2"]
[White "Ramírez García, Jorge Alberto"]
[Black "Collado Barbas, Laura"]
[Result "1/2-1/2"]
[WhiteElo "2234"]
[BlackElo "2046"]
[PlyCount "130"]
[EventDate "2009.01.15"]
[EventType "swiss"]
[EventRounds "9"]
[EventCountry "ESP"]
[Source "lmi"]
[SourceDate "2009.01.15"]

1. e4 e6 2. d4 d5 3. Nc3 Nc6 4. Nf3 Nf6 5. exd5 exd5 6. Bb5 Bb4 7. O-O O-O 8.
Bxc6 bxc6 9. Ne5 Bb7 10. Bg5 Qd6 11. Bxf6 gxf6 12. Nd3 Ba6 13. Qh5 Bxd3 14.
cxd3 Rae8 15. Ne2 Kh8 16. Ng3 Qf4 17. Nf5 Rg8 18. h4 Rg6 19. Rad1 Reg8 20. g3
Rg4 21. Kg2 Bd6 22. Rg1 c5 23. dxc5 Bxc5 24. d4 Qe4+ 25. Kh3 Bf8 26. Ne3 R4g6
27. Qxd5 Qe8 28. Rde1 c6 29. Qf5 Qd8 30. Rd1 Bh6 31. f4 Qd6 32. a3 Bxf4 33. Nf1
Bxg3 34. Rd3 Bf4 35. Rxg6 Rxg6 36. Rf3 Bc1 37. h5 Rg5 38. Qxf6+ Qxf6 39. Rxf6
Bxb2 40. Ng3 Bxd4 41. Rxf7 Ra5 42. Nf5 Rxa3+ 43. Kg4 Bc5 44. Rc7 Kg8 45. Rxc6
Ra4+ 46. Kg5 Bd4 47. Rc8+ Kf7 48. Rc7+ Kg8 49. h6 Be5 50. Rd7 Ra6 51. Ne7+ Kf8
52. Nd5 Kg8 53. Re7 Bd4 54. Re4 Bb2 55. Rb4 Bc1+ 56. Kf5 Bxh6 57. Nf6+ Kf7 58.
Rb7+ Kf8 59. Rxh7 Bg7 60. Ne4 Kg8 61. Rh3 Ra5+ 62. Kg6 Ra6+ 63. Kf5 Rb6 64. Rd3
Rb5+ 65. Kg6 Rb6+ 1/2-1/2

[Event "Madrid ch 2009 - Semifinal B"]
[Site "Madrid ESP"]
[Date "2009.01.15"]
[Round "1.3"]
[White "Montañes Arribas, Adrian"]
[Black "Peñalosa Pinilla, Jesus"]
[Result "0-1"]
[WhiteElo "2046"]
[BlackElo "2228"]
[PlyCount "90"]
[EventDate "2009.01.15"]
[EventType "swiss"]
[EventRounds "9"]
[EventCountry "ESP"]
[Source "lmi"]
[SourceDate "2009.01.15"]

1. e4 d6 2. d4 Nf6 3. Nc3 Nbd7 4. Nf3 e5 5. Bc4 Be7 6. O-O O-O 7. Bg5 c6 8. Bb3
b5 9. Qe2 a6 10. a4 b4 11. Nb1 a5 12. Nbd2 Qc7 13. dxe5 dxe5 14. Nc4 Ba6 15.
Bh4 Nc5 16. Nfd2 Rfe8 17. Rfd1 Nfd7 18. Bxe7 Rxe7 19. Nf1 Nxb3 20. cxb3 Nf8 21.
Qc2 Ne6 22. Nfe3 Nd4 23. Qd3 Rd7 24. Nf5 Rad8 25. Nxd4 Rxd4 26. Qc2 Bxc4 27.
bxc4 Qd6 28. Rxd4 Qxd4 29. g3 g6 30. Rc1 Kf8 31. Kg2 Qd2 32. b3 Rd3 33. Qxd2
Rxd2 34. Rb1 Ke7 35. Kf3 Rd3+ 36. Ke2 Rc3 37. Rb2 Ke6 38. Rb1 h5 39. Rb2 h4 40.
Rb1 hxg3 41. hxg3 f5 42. exf5+ gxf5 43. Rb2 e4 44. Rb1 Ke5 45. Rb2 Rf3 0-1

[Event "Madrid ch 2009 - Semifinal B"]
[Site "Madrid ESP"]
[Date "2009.01.15"]
[Round "1.4"]
[White "Suarez Uriel, Adrian"]
[Black "Esquivias Gomez, Francisco Javier"]
[Result "1-0"]
[WhiteElo "2160"]
[BlackElo "2044"]
[PlyCount "123"]
[EventDate "2009.01.15"]
[EventType "swiss"]
[EventRounds "9"]
[EventCountry "ESP"]
[Source "lmi"]
[SourceDate "2009.01.15"]

1. e4 Nf6 2. e5 Nd5 3. d4 d6 4. c4 Nb6 5. exd6 cxd6 6. Nc3 Bf5 7. Nf3 e6 8. Bd3
Bxd3 9. Qxd3 Be7 10. O-O O-O 11. Bf4 Nc6 12. a3 Rc8 13. b4 Nxd4 14. Nxd4 e5 15.
Nf5 exf4 16. Nd5 Nxd5 17. Qxd5 g6 18. Nxe7+ Qxe7 19. Rad1 Rc6 20. Rfe1 Qf6 21.
Rd4 Rfc8 22. Ree4 Qf5 23. Qxf5 gxf5 24. Rxf4 b5 25. Rxf5 bxc4 26. Ra5 c3 27.
Rd1 c2 28. Rc1 Rc3 29. Kf1 Rd3 30. Ke2 Rd4 31. Rxa7 Re8+ 32. Kf3 Rd3+ 33. Kf4
Rc8 34. b5 Rb3 35. Re7 Rc4+ 36. Re4 Rcc3 37. Rb4 Rxb4+ 38. axb4 Rc4+ 39. Kf5
Kg7 40. b6 Rxb4 41. Rxc2 Rxb6 42. Rd2 Rb5+ 43. Ke4 Re5+ 44. Kf4 Re6 45. g4 Kg6
46. Rd5 h6 47. Kg3 Kf6 48. f4 Re3+ 49. Kf2 Re6 50. f5 Re4 51. Kf3 Ra4 52. Rxd6+
Kg5 53. h4+ Kxh4 54. Rxh6+ Kg5 55. Rh5+ Kf6 56. Kg3 Ra3+ 57. Kh4 Ra4 58. Rh6+
Kg7 59. Rb6 Ra1 60. Kg5 f6+ 61. Rxf6 Ra4 62. Rb6 1-0

[Event "Madrid ch 2009 - Semifinal B"]
[Site "Madrid ESP"]
[Date "2009.01.15"]
[Round "1.5"]
[White "Vazquez Gonzalez, Jesus"]
[Black "Martinez De Miguel, Pedro"]
[Result "1/2-1/2"]
[WhiteElo "2044"]
[BlackElo "2156"]
[PlyCount "63"]
[EventDate "2009.01.15"]
[EventType "swiss"]
[EventRounds "9"]
[EventCountry "ESP"]
[Source "lmi"]
[SourceDate "2009.01.15"]

1. e4 c5 2. Nf3 d6 3. d4 cxd4 4. Nxd4 Nf6 5. Nc3 a6 6. Be2 e6 7. O-O Be7 8. f4
Qc7 9. Kh1 Nc6 10. Be3 Nxd4 11. Bxd4 e5 12. Be3 Be6 13. Nd5 Bxd5 14. exd5 Nd7
15. c4 Bf6 16. Qb3 O-O 17. Rf3 Rfe8 18. f5 Rac8 19. g4 Nc5 20. Qa3 e4 21. Rh3
Nd3 22. Bxd3 exd3 23. Rc1 Rxe3 24. Rxe3 d2 25. Rd1 Qxc4 26. Qd3 Qxg4 27. Qxd2
Qxf5 28. Qe2 Be5 29. Rf1 Qg6 30. Rg1 Qf5 31. Rf1 Qg6 32. Rg1 1/2-1/2

[Event "Madrid ch 2009 - Semifinal B"]
[Site "Madrid ESP"]
[Date "2009.01.15"]
[Round "1.6"]
[White "Sanchez Garcia, Aurelio"]
[Black "Ferreiro Calvo, Manuel"]
[Result "0-1"]
[WhiteElo "2126"]
[BlackElo "2041"]
[PlyCount "80"]
[EventDate "2009.01.15"]
[EventType "swiss"]
[EventRounds "9"]
[EventCountry "ESP"]
[Source "lmi"]
[SourceDate "2009.01.15"]

1. Nf3 Nf6 2. c4 c5 3. d4 cxd4 4. Nxd4 Nc6 5. g3 g6 6. Bg2 Bg7 7. O-O O-O 8.
Nc3 Nxd4 9. Qxd4 d6 10. Qd3 Nd7 11. b3 Ne5 12. Qc2 Nc6 13. Bb2 Bd7 14. Nd5 Bxb2
15. Qxb2 Rb8 16. Rfd1 b6 17. Rac1 Re8 18. h4 h5 19. Qd2 Kg7 20. b4 Ne5 21. Qd4
f6 22. b5 Bg4 23. Rd2 Rc8 24. f4 Nd7 25. Ne3 Be6 26. Be4 Bf7 27. f5 Ne5 28.
fxg6 Bxg6 29. Bxg6 Kxg6 30. Qe4+ Kg7 31. Nf5+ Kh8 32. Qf4 Ng4 33. Nd4 Qd7 34.
Qe4 Rc5 35. Ne6 Re5 36. Qg6 Rg8 37. Nf4 Rxg6 38. Nxg6+ Kg7 39. Nxe5 Nxe5 40.
Kg2 Qg4 0-1

[Event "Madrid ch 2009 - Semifinal B"]
[Site "Madrid ESP"]
[Date "2009.01.15"]
[Round "1.7"]
[White "Garcia Salamero, Gabriel"]
[Black "Martin Prieto, Oscar"]
[Result "0-1"]
[WhiteElo "2027"]
[BlackElo "2118"]
[PlyCount "90"]
[EventDate "2009.01.15"]
[EventType "swiss"]
[EventRounds "9"]
[EventCountry "ESP"]
[Source "lmi"]
[SourceDate "2009.01.15"]

1. f4 d5 2. Nf3 Nf6 3. e3 Bg4 4. b3 c6 5. Bb2 Nbd7 6. h3 Bxf3 7. Qxf3 Qc7 8. g4
e5 9. g5 Ne4 10. d3 Nec5 11. d4 exd4 12. Bxd4 Ne6 13. Bb2 O-O-O 14. Nd2 d4 15.
O-O-O dxe3 16. Qxe3 Bc5 17. Qf3 Qxf4 18. Qxf4 Nxf4 19. Ne4 Rhe8 20. Nxc5 Nxc5
21. Rxd8+ Rxd8 22. Bxg7 b5 23. h4 Ne4 24. Be5 Nf2 25. Rh2 Rd1+ 26. Kb2 Rxf1 27.
Bxf4 Ng4 28. Bg3 Nxh2 29. Bxh2 Rf3 30. Bg1 a6 31. Bc5 Rf4 32. h5 Re4 33. Bf8
Re5 34. Bh6 b4 35. a3 a5 36. axb4 axb4 37. Kc1 Rd5 38. c4 bxc3 39. Kc2 Rc5 40.
b4 Rc4 41. Bg7 Rxb4 42. Kxc3 Rg4 43. Bf6 Kd7 44. Kd3 Ke6 45. h6 Kf5 0-1

[Event "Madrid ch 2009 - Semifinal B"]
[Site "Madrid ESP"]
[Date "2009.01.15"]
[Round "1.8"]
[White "Castejon Caballero, Andres"]
[Black "Martin Mazuelo, Miguel Angel"]
[Result "1-0"]
[WhiteElo "2089"]
[BlackElo "1983"]
[PlyCount "111"]
[EventDate "2009.01.15"]
[EventType "swiss"]
[EventRounds "9"]
[EventCountry "ESP"]
[Source "lmi"]
[SourceDate "2009.01.15"]

1. e4 c5 2. Nf3 e6 3. d3 Nc6 4. g3 d6 5. Bg2 g6 6. O-O Bg7 7. c3 Nge7 8. a4 b6
9. d4 O-O 10. Na3 Rb8 11. Bf4 e5 12. Be3 h6 13. d5 Na5 14. b4 Nb7 15. Qd2 Kh7
16. Ne1 f5 17. f3 Bd7 18. Nc4 Qc7 19. Nb2 cxb4 20. cxb4 Rbc8 21. Ned3 Qc3 22.
Rfc1 Qxd2 23. Bxd2 Kg8 24. Nc4 Rc7 25. Ndb2 Rfc8 26. Bf1 Kf8 27. Rc3 Ng8 28.
Rac1 Nf6 29. Nxb6 Rxc3 30. Nxd7+ Nxd7 31. Rxc3 Rxc3 32. Bxc3 fxe4 33. fxe4 Nf6
34. Bd3 Ke7 35. Bd2 Kd7 36. Be3 a5 37. b5 Kc7 38. Nc4 Nd7 39. Bc2 Ndc5 40. Bd2
h5 41. Bxa5+ Nxa5 42. Nxa5 Nb7 43. Nc4 Bf6 44. a5 Be7 45. b6+ Kb8 46. Ba4 Nc5
47. Bc6 Na6 48. Na3 Bg5 49. Nc4 Be7 50. Kg2 g5 51. Na3 Bf8 52. Nb5 Be7 53. Kf3
Nc5 54. Nc7 Bd8 55. a6 g4+ 56. Kg2 1-0

[Event "Madrid ch 2009 - Semifinal B"]
[Site "Madrid ESP"]
[Date "2009.01.15"]
[Round "1.9"]
[White "Lozano Sanchez, Jose Antonio"]
[Black "Martin Martin, Luis Vicente"]
[Result "0-1"]
[WhiteElo "1958"]
[BlackElo "2085"]
[PlyCount "84"]
[EventDate "2009.01.15"]
[EventType "swiss"]
[EventRounds "9"]
[EventCountry "ESP"]
[Source "lmi"]
[SourceDate "2009.01.15"]

1. e4 e6 2. Nf3 d5 3. exd5 exd5 4. d4 Bg4 5. Bf4 Qe7+ 6. Qe2 Bxf3 7. gxf3 Nc6
8. Qxe7+ Ngxe7 9. Nc3 O-O-O 10. O-O-O g6 11. Bg2 Kb8 12. Rhe1 Bg7 13. Ne2 Nf5
14. c3 Bh6 15. Bh3 Bxf4+ 16. Nxf4 Nh4 17. Rd3 Rd6 18. Ng2 Nxg2 19. Bxg2 Re6 20.
Rde3 Rhe8 21. Kd2 Nd8 22. Bh3 f5 23. Rxe6 Rxe6 24. Rxe6 Nxe6 25. b4 b5 26. Ke3
Kc8 27. f4 Kd7 28. Bg2 c6 29. Bh3 Ke7 30. Kf3 Kf6 31. Bg2 Nd8 32. Ke3 Nf7 33.
Bf3 Nd6 34. Bg2 Ne4 35. Bxe4 fxe4 36. f3 Kf5 37. h3 h6 38. fxe4+ dxe4 39. c4
bxc4 40. a4 c3 41. a5 Ke6 42. h4 h5 0-1

[Event "Madrid ch 2009 - Semifinal B"]
[Site "Madrid ESP"]
[Date "2009.01.15"]
[Round "1.10"]
[White "Alonso Aranzabal, Iñigo"]
[Black "Sotnikov, Taras"]
[Result "0-1"]
[WhiteElo "2082"]
[BlackElo "1925"]
[PlyCount "50"]
[EventDate "2009.01.15"]
[EventType "swiss"]
[EventRounds "9"]
[EventCountry "ESP"]
[Source "lmi"]
[SourceDate "2009.01.15"]

1. e4 c5 2. c3 Nf6 3. e5 Nd5 4. Nf3 d6 5. d4 cxd4 6. cxd4 Nc6 7. Bc4 dxe5 8.
Bxd5 Qxd5 9. Nc3 Qc4 10. d5 Nb4 11. Nxe5 Qa6 12. a3 Bf5 13. axb4 Qxa1 14. O-O
Qa6 15. Qf3 e6 16. b5 Qb6 17. Be3 Qc7 18. dxe6 Bxe6 19. b6 Qxe5 20. Bf4 Qc5 21.
Qxb7 Qc8 22. Qxc8+ Bxc8 23. Re1+ Kd7 24. Rd1+ Kc6 25. h3 axb6 0-1

[Event "Madrid ch 2009 - Semifinal B"]
[Site "Madrid ESP"]
[Date "2009.01.15"]
[Round "1.11"]
[White "Rojas Pozo, Jose Luis"]
[Black "Lopez de Turiso, Jose Angel"]
[Result "1/2-1/2"]
[WhiteElo "1914"]
[BlackElo "2079"]
[PlyCount "130"]
[EventDate "2009.01.15"]
[EventType "swiss"]
[EventRounds "9"]
[EventCountry "ESP"]
[Source "lmi"]
[SourceDate "2009.01.15"]

1. e4 e6 2. d4 d5 3. e5 c5 4. c3 Nc6 5. Nf3 Bd7 6. Be2 Qb6 7. a3 c4 8. Nbd2 Na5
9. O-O Be7 10. Qc2 g5 11. h3 O-O-O 12. Bd1 Kb8 13. b3 cxb3 14. Nxb3 Nxb3 15.
Qxb3 Qxb3 16. Bxb3 Bb5 17. Re1 h6 18. a4 Ba6 19. Bd2 Rc8 20. Bd1 Bd8 21. a5 Ne7
22. Be2 Bxe2 23. Rxe2 a6 24. Be1 Nc6 25. c4 dxc4 26. Rc2 Be7 27. Rxc4 Rhd8 28.
Kf1 Rd5 29. Ke2 Rcd8 30. Bc3 f5 31. g4 Rf8 32. Nd2 fxg4 33. hxg4 Rf4 34. f3
Nxd4+ 35. Bxd4 Rfxd4 36. Rxd4 Rxd4 37. Rh1 Bf8 38. Ke3 Ra4 39. Nb3 Rb4 40. Nd2
Bg7 41. Kd3 Kc7 42. Rc1+ Kd7 43. Nc4 Rb5 44. Nb6+ Ke7 45. Rc7+ Kf8 46. Rxb7
Rxa5 47. Nd7+ Kg8 48. Rb8+ Kf7 49. Rb7 Kg6 50. Ke4 Rb5 51. Rc7 Rb4+ 52. Ke3 a5
53. Rc6 Kf7 54. Rc7 Ke8 55. Nf6+ Bxf6 56. exf6 a4 57. Re7+ Kf8 58. Rxe6 Kf7 59.
Ra6 Rf4 60. Ke2 Kg6 61. Ke3 h5 62. gxh5+ Kxh5 63. f7 Kh4 64. f8=Q Rxf8 65.
Rxa4+ Kh5 1/2-1/2

[Event "Madrid ch 2009 - Semifinal B"]
[Site "Madrid ESP"]
[Date "2009.01.15"]
[Round "1.12"]
[White "Cabañas Bravo, Juan Andres"]
[Black "Garcia Serrano, Jose Manuel"]
[Result "1-0"]
[WhiteElo "2073"]
[BlackElo "1887"]
[PlyCount "63"]
[EventDate "2009.01.15"]
[EventType "swiss"]
[EventRounds "9"]
[EventCountry "ESP"]
[Source "lmi"]
[SourceDate "2009.01.15"]

1. e4 e5 2. d4 exd4 3. c3 d5 4. exd5 Qxd5 5. cxd4 Nc6 6. Nf3 Nf6 7. Be2 Be7 8.
Nc3 Qd8 9. d5 Nb4 10. Bb5+ Bd7 11. Bc4 O-O 12. a3 b5 13. Be2 Na6 14. b4 Qb8 15.
Nd4 Nxb4 16. axb4 Bxb4 17. Bd2 Bxc3 18. Bxc3 Nxd5 19. Ba5 Nf4 20. Bf3 Re8+ 21.
Kf1 b4 22. Qd2 c5 23. Bxa8 Bb5+ 24. Kg1 cxd4 25. Bf3 Qe5 26. g3 d3 27. Rb1 Ne2+
28. Kg2 Qf5 29. Rxb4 h5 30. Rhb1 Qxf3+ 31. Kh3 Bd7+ 32. Kh4 1-0

[Event "Madrid ch 2009 - Semifinal B"]
[Site "Madrid ESP"]
[Date "2009.01.15"]
[Round "1.13"]
[White "Martin Duque, Jesus"]
[Black "Vazquez Torres, Adrian"]
[Result "0-1"]
[WhiteElo "1757"]
[BlackElo "2065"]
[PlyCount "62"]
[EventDate "2009.01.15"]
[EventType "swiss"]
[EventRounds "9"]
[EventCountry "ESP"]
[Source "lmi"]
[SourceDate "2009.01.15"]

1. e4 c5 2. Nf3 d6 3. d4 cxd4 4. Nxd4 Nf6 5. Nc3 a6 6. Bg5 e6 7. f4 Qb6 8. Nb3
Be7 9. Qf3 Qc7 10. O-O-O b5 11. e5 Bb7 12. Qe2 dxe5 13. fxe5 Nd5 14. Bxe7 Nxc3
15. bxc3 Qxe7 16. Qe3 O-O 17. Bd3 Bd5 18. Be4 Bxe4 19. Qxe4 Nd7 20. Kb2 Nb6 21.
Qb4 Nc4+ 22. Ka1 Qc7 23. Rhe1 Nxe5 24. Na5 Rfc8 25. Kb2 Nc4+ 26. Nxc4 bxc4 27.
Qd6 Rcb8+ 28. Ka1 Qa5 29. Qe5 Rb5 30. Qd4 Rab8 31. Rb1 Qxa2+ 0-1

[Event "Madrid ch 2009 - Semifinal B"]
[Site "Madrid ESP"]
[Date "2009.01.16"]
[Round "2.1"]
[White "Adan Bermudez, Sergio"]
[Black "Martin Martin, Luis Vicente"]
[Result "1/2-1/2"]
[WhiteElo "2295"]
[BlackElo "2085"]
[PlyCount "83"]
[EventDate "2009.01.15"]
[EventType "swiss"]
[EventRounds "9"]
[EventCountry "ESP"]
[Source "lmi"]
[SourceDate "2009.01.15"]

1. c4 e5 2. g3 Nf6 3. Bg2 d5 4. cxd5 Nxd5 5. Nf3 Nc6 6. O-O Nb6 7. Nc3 Be7 8.
Rb1 g5 9. d3 h5 10. Be3 h4 11. d4 hxg3 12. fxg3 Nc4 13. Bf2 g4 14. Nxe5 N6xe5
15. dxe5 Nd2 16. Qa4+ Bd7 17. Qd4 Be6 18. Bxb7 Qxd4 19. Bxd4 Rd8 20. Bxa7 Nxf1
21. Rxf1 Rh5 22. Nb5 Bxa2 23. Nxc7+ Kf8 24. e6 f6 25. e4 Rd2 26. b4 Rhxh2 27.
e5 Rh3 28. Bg2 Rxg3 29. Bf2 Rc3 30. Nb5 Rcc2 31. exf6 Bxf6 32. Bc5+ Kg7 33. Be4
Rxc5 34. bxc5 Bxe6 35. Nc7 Bd4+ 36. Kh1 Bc4 37. Rc1 g3 38. Bg2 Be5 39. Ne8+ Kf8
40. Nd6 Bxd6 41. cxd6 Rxd6 42. Rxc4 1/2-1/2

[Event "Madrid ch 2009 - Semifinal B"]
[Site "Madrid ESP"]
[Date "2009.01.16"]
[Round "2.2"]
[White "Peñalosa Pinilla, Jesus"]
[Black "Cabañas Bravo, Juan Andres"]
[Result "1-0"]
[WhiteElo "2228"]
[BlackElo "2073"]
[PlyCount "25"]
[EventDate "2009.01.15"]
[EventType "swiss"]
[EventRounds "9"]
[EventCountry "ESP"]
[Source "lmi"]
[SourceDate "2009.01.15"]

1. Nf3 Nf6 2. g3 g6 3. Bg2 Bg7 4. O-O O-O 5. d3 d5 6. Nbd2 c5 7. e4 dxe4 8.
dxe4 Nc6 9. c3 Qd3 10. Re1 Bg4 11. h3 Bd7 12. Bf1 Qd6 13. e5 1-0

[Event "Madrid ch 2009 - Semifinal B"]
[Site "Madrid ESP"]
[Date "2009.01.16"]
[Round "2.3"]
[White "Vazquez Torres, Adrian"]
[Black "Suarez Uriel, Adrian"]
[Result "1-0"]
[WhiteElo "2065"]
[BlackElo "2160"]
[PlyCount "33"]
[EventDate "2009.01.15"]
[EventType "swiss"]
[EventRounds "9"]
[EventCountry "ESP"]
[Source "lmi"]
[SourceDate "2009.01.15"]

1. e4 g6 2. d4 Bg7 3. Nf3 c5 4. Nc3 cxd4 5. Nxd4 Nc6 6. Be3 Nf6 7. Bc4 O-O 8.
Bb3 a5 9. f3 d5 10. O-O dxe4 11. Nxc6 bxc6 12. fxe4 Qc7 13. Qf3 Ng4 14. Bf4 Be5
15. h3 Nh2 16. Kxh2 Bd7 17. Rf2 1-0

[Event "Madrid ch 2009 - Semifinal B"]
[Site "Madrid ESP"]
[Date "2009.01.16"]
[Round "2.5"]
[White "Ferreiro Calvo, Manuel"]
[Black "Castejon Caballero, Andres"]
[Result "0-1"]
[WhiteElo "2041"]
[BlackElo "2089"]
[PlyCount "78"]
[EventDate "2009.01.15"]
[EventType "swiss"]
[EventRounds "9"]
[EventCountry "ESP"]
[Source "lmi"]
[SourceDate "2009.01.15"]

1. c4 Nf6 2. Nf3 g6 3. b3 Bg7 4. Bb2 O-O 5. g3 c5 6. Bg2 d5 7. cxd5 Nxd5 8.
Bxg7 Kxg7 9. O-O Nc6 10. d4 cxd4 11. Nxd4 e5 12. Nxc6 bxc6 13. Qc1 Bb7 14. Nd2
Rc8 15. Nc4 Qe7 16. Qb2 f6 17. Rac1 Rfd8 18. Rfd1 h5 19. h4 Kh7 20. Rd2 e4 21.
e3 Ba6 22. Rd4 f5 23. Qd2 Nb4 24. Nd6 Rb8 25. Nc4 Nd3 26. Rxd8 Rxd8 27. Rd1
Bxc4 28. bxc4 Qa3 29. Rb1 Rd6 30. Rb3 Ne5 31. Qc2 Qc5 32. Qb2 Rd1+ 33. Kh2 Ng4+
34. Kh3 Rd7 35. Rb8 Qe5 36. Qxe5 Nxe5 37. Bf1 Rd2 38. Rb7+ Kh6 39. Rxa7 Rxf2
0-1

[Event "Madrid ch 2009 - Semifinal B"]
[Site "Madrid ESP"]
[Date "2009.01.16"]
[Round "2.6"]
[White "Sotnikov, Taras"]
[Black "Ramírez García, Jorge Alberto"]
[Result "0-1"]
[WhiteElo "1925"]
[BlackElo "2234"]
[PlyCount "82"]
[EventDate "2009.01.15"]
[EventType "swiss"]
[EventRounds "9"]
[EventCountry "ESP"]
[Source "lmi"]
[SourceDate "2009.01.15"]

1. e4 d5 2. exd5 Qxd5 3. Nc3 Qd6 4. d4 Nf6 5. Bc4 a6 6. a4 Qc6 7. Bf1 Bg4 8. f3
Bf5 9. Nge2 Nbd7 10. Ng3 Bg6 11. Bf4 e6 12. Bd3 Bd6 13. Bxd6 cxd6 14. Nce4 O-O
15. c3 b5 16. h4 d5 17. Nf2 e5 18. O-O Rab8 19. axb5 axb5 20. Bxg6 hxg6 21.
dxe5 Nxe5 22. Nd3 Nc4 23. Re1 Qb6+ 24. Kh1 Rfe8 25. Ne2 Ne3 26. Qd2 Nf5 27.
Ndf4 Qf2 28. Rad1 Ne3 29. Ra1 Nh5 30. Qd3 Qxh4+ 31. Nh3 Nf5 32. Qxd5 Rxe2 33.
Rxe2 Nhg3+ 34. Kh2 Nxe2 35. Qe5 Qg3+ 36. Qxg3 Nexg3 37. Ra5 f6 38. Nf4 g5 39.
Ne6 Kf7 40. Nd4 Rh8+ 41. Kg1 Rh1+ 0-1

[Event "Madrid ch 2009 - Semifinal B"]
[Site "Madrid ESP"]
[Date "2009.01.16"]
[Round "2.7"]
[White "Martinez De Miguel, Pedro"]
[Black "Rojas Pozo, Jose Luis"]
[Result "1-0"]
[WhiteElo "2156"]
[BlackElo "1914"]
[PlyCount "141"]
[EventDate "2009.01.15"]
[EventType "swiss"]
[EventRounds "9"]
[EventCountry "ESP"]
[Source "lmi"]
[SourceDate "2009.01.15"]

1. e4 c5 2. Nf3 d6 3. d4 cxd4 4. Nxd4 Nf6 5. Nc3 a6 6. Bg5 e6 7. f4 Qb6 8. Qd2
Qxb2 9. Rb1 Qa3 10. Bxf6 gxf6 11. Bc4 Nc6 12. Nb3 Qb4 13. Bd3 Qb6 14. a4 Bd7
15. Ne2 h5 16. a5 Qc7 17. O-O Rc8 18. c4 Be7 19. Rfc1 h4 20. h3 Rh5 21. Ra1 Qb8
22. Kh1 Qa7 23. Ng1 Nd4 24. Rab1 Nxb3 25. Rxb3 Qc5 26. Ra1 Bc6 27. Qe2 Rh8 28.
Nf3 Bd8 29. Qe1 f5 30. exf5 Bxf3 31. gxf3 Bf6 32. Ra2 Qc6 33. Qe3 Bd4 34. Qxd4
Qxf3+ 35. Rg2 Rg8 36. Be4 Qf1+ 37. Qg1 Qxg1+ 38. Kxg1 Rxg2+ 39. Kxg2 Rxc4 40.
Bxb7 Rc2+ 41. Kf3 Ra2 42. Bxa6 Rxa5 43. Bb5+ Ke7 44. fxe6 fxe6 45. Kg4 Kf6 46.
Kxh4 Kf5 47. Kg3 Ra1 48. Bd3+ Kf6 49. Be2 Rg1+ 50. Kf2 Rh1 51. Bg4 Rh2+ 52. Ke3
Rh1 53. Rb6 Ke7 54. Rb7+ Kf6 55. Rd7 d5 56. Rh7 Re1+ 57. Kd4 Re4+ 58. Kc5 d4
59. Rh6+ Kf7 60. Rxe6 Rxe6 61. Bxe6+ Kxe6 62. Kxd4 Kf5 63. Ke3 Kg6 64. Ke4 Kf6
65. h4 Ke6 66. h5 Kf6 67. f5 Kg7 68. Ke5 Kf7 69. h6 Ke7 70. h7 Kf7 71. h8=Q 1-0

[Event "Madrid ch 2009 - Semifinal B"]
[Site "Madrid ESP"]
[Date "2009.01.16"]
[Round "2.8"]
[White "Lopez de Turiso, Jose Angel"]
[Black "Vazquez Gonzalez, Jesus"]
[Result "1-0"]
[WhiteElo "2079"]
[BlackElo "2044"]
[PlyCount "117"]
[EventDate "2009.01.15"]
[EventType "swiss"]
[EventRounds "9"]
[EventCountry "ESP"]
[Source "lmi"]
[SourceDate "2009.01.15"]

1. d4 Nf6 2. c4 e6 3. Bg5 h6 4. Bh4 b6 5. f3 d5 6. e3 Ba6 7. Nd2 c5 8. Bxf6
gxf6 9. Qa4+ Qd7 10. Qxd7+ Nxd7 11. cxd5 Bxf1 12. Nxf1 cxd4 13. dxe6 Bb4+ 14.
Kd1 fxe6 15. exd4 e5 16. Ne2 exd4 17. Nxd4 Ne5 18. Ke2 Kf7 19. Ng3 Rad8 20.
Rhd1 Rhe8 21. Ne4 Kg6 22. Nc2 Be7 23. Rxd8 Bxd8 24. Kf1 Nd3 25. b3 f5 26. Ng3
Bf6 27. Rd1 Rc8 28. Na3 Nb2 29. Rd5 Rc1+ 30. Ke2 Be7 31. Nb5 f4 32. Ne4 Bb4 33.
a3 Re1+ 34. Kf2 Nd1+ 35. Rxd1 Rxd1 36. axb4 a6 37. Nc7 a5 38. bxa5 bxa5 39. Ne6
Kf5 40. N6c5 Ke5 41. Ke2 Rg1 42. Nd3+ Kd4 43. Ne1 Kd5 44. Kf2 Rh1 45. h3 Kd4
46. Ke2 Rg1 47. Nd6 Kc3 48. Nb7 Kb4 49. Kd2 Kb5 50. Ke2 Kb4 51. Kd2 Kb5 52. Nd8
Rf1 53. Ke2 Rg1 54. Ne6 Kb4 55. Nd4 Kc5 56. Ndc2 Kb5 57. Kd2 Rf1 58. Nd3 Rb1
59. Na3+ 1-0

[Event "Madrid ch 2009 - Semifinal B"]
[Site "Madrid ESP"]
[Date "2009.01.16"]
[Round "2.9"]
[White "Collado Barbas, Laura"]
[Black "Sanchez Garcia, Aurelio"]
[Result "0-1"]
[WhiteElo "2046"]
[BlackElo "2126"]
[PlyCount "132"]
[EventDate "2009.01.15"]
[EventType "swiss"]
[EventRounds "9"]
[EventCountry "ESP"]
[Source "lmi"]
[SourceDate "2009.01.15"]

1. d4 Nf6 2. c4 e6 3. Nc3 Bb4 4. Qc2 Nc6 5. Nf3 d6 6. e4 Bxc3+ 7. bxc3 e5 8.
Be2 O-O 9. d5 Ne7 10. c5 Ng6 11. cxd6 cxd6 12. O-O Nd7 13. Ba3 Qe7 14. Nd2 b6
15. Nc4 Nc5 16. Bxc5 bxc5 17. Qa4 Nf4 18. Bf3 f5 19. Rab1 fxe4 20. Bxe4 Ne2+
21. Kh1 Nxc3 22. Qc6 Nxb1 23. Qxa8 Bf5 24. Qc6 Bxe4 25. Nxd6 Nc3 26. Nxe4 Nxe4
27. f3 Qd6 28. Rc1 Qxc6 29. dxc6 Nf2+ 30. Kg1 Nd3 31. Rc3 Nb4 32. Rxc5 Rc8 33.
c7 Na6 34. Ra5 Nxc7 35. Rxa7 Kf7 36. Kf2 Ke6 37. Ke3 Kd6 38. Ke4 Rb8 39. g3 g6
40. Ra3 Rb4+ 41. Ke3 h5 42. Ra5 Rb2 43. h4 Rg2 44. Ke4 Rxg3 45. Rxe5 Rxf3 46.
Rg5 Rf6 47. a3 Ne6 48. Rd5+ Ke7 49. Rd1 Rf4+ 50. Ke5 Rxh4 51. Rb1 Nf8 52. Rg1
Ra4 53. Rg3 Nd7+ 54. Kd5 Nf6+ 55. Kc6 Ng4 56. Kb5 Re4 57. a4 h4 58. Rh3 g5 59.
a5 Nf2 60. Rf3 Re2 61. a6 Ra2 62. a7 Rxa7 63. Rxf2 Ke6 64. Kc4 Rd7 65. Rf8 h3
66. Rh8 g4 0-1

[Event "Madrid ch 2009 - Semifinal B"]
[Site "Madrid ESP"]
[Date "2009.01.16"]
[Round "2.10"]
[White "Garcia Salamero, Gabriel"]
[Black "Alonso Aranzabal, Iñigo"]
[Result "1-0"]
[WhiteElo "2027"]
[BlackElo "2082"]
[PlyCount "47"]
[EventDate "2009.01.15"]
[EventType "swiss"]
[EventRounds "9"]
[EventCountry "ESP"]
[Source "lmi"]
[SourceDate "2009.01.15"]

1. f4 d5 2. Nf3 Nf6 3. e3 g6 4. b3 Bg7 5. Bb2 O-O 6. Be2 c5 7. O-O Nc6 8. Bb5
Bg4 9. Bxc6 bxc6 10. d3 a5 11. a4 Qb6 12. Qe1 Bxf3 13. Rxf3 d4 14. e4 c4 15.
Kh1 cxb3 16. cxb3 Ng4 17. Nd2 Ne3 18. Rc1 Rfc8 19. h3 e6 20. e5 f5 21. Bxd4
Qxd4 22. Qxe3 Qb2 23. Nc4 Rcb8 24. Nxb2 1-0